000 00610cam a2200217 a 4500
001 3961386
005 20180109093828.0
008 940819s1995 nyua 000 0 eng
010 _a 94032480
020 _a1567991637
040 _aDLC
_cDLC
_dDLC
041 _aeng
080 _a758.1 MAR
082 0 0 _a758.1 MAR
_220
100 1 _a9
101 _aMJE
245 1 0 _aGardens in bloom /
_cRoxana Marcoci.
906 _a7
_bcbc
_corignew
_d1
_eocip
_f19
_gy-gencatlg
942 _2ddc
_cBK
999 _c39976
_d39976